000 00925cab a2200253 4500
001 ABS55929
008 090401t1996 xxu||||| |||| 00| 0 eng d
035 _a(Sirsi) u19887
041 _aeng
100 _aPhillips, D.
245 _aIn on the Act
260 _c1996
350 _a0
490 _aLeisure Opportunities
_v28 October - 10 November 1996, 12-13(2)
520 _aExplains how the leisure industry will have to respond to the Disability Discrimination Act 1995, such as changing entrance barriers and ensuring general accessibility to premises and services.
650 _aDISABILITY DISCRIMINATION ACT 1995
650 _aMANAGEMENT-BUSINESS MANAGEMENT-DISCRIMINATION-DISABILITY DISCRIMINATION-ACCESSIBILITY
650 _aENTRANCE BARRIERS
650 _aLEISURE INDUSTRY
690 _aBUILT ENVIRONMENT-CONSTRUCTION DESIGN
690 _aLEISURE AND RECREATION
942 _n0
948 _c04/03/1997
999 _c13327
_d13327